Normal view
MARC view
- شعر إسلامي - الشعر العربي
Entry Topical Term
001 - CONTROL NUMBER
- control field: 12765
003 - CONTROL NUMBER IDENTIFIER
- control field: JO-AjAnu
005 - DATE AND TIME OF LATEST TRANSACTION
- control field: 20230606072339.0
008 - FIXED-LENGTH DATA ELEMENTS
- fixed length control field: 230606|| aca||aabn | a|a d
040 ## - CATALOGING SOURCE
- Original cataloging agency: JO-AjAnu
- Transcribing agency: JO-AjAnu
150 ## - HEADING--TOPICAL TERM
- Topical term or geographic name entry element: شعر إسلامي - الشعر العربي
670 ## - SOURCE DATA FOUND
- Source citation: Work cat.: (JO-AjAnu)6568: تأليف الأميري، عمر بهاء الدين, author 12764, صفحات ونفحات: خواطر..وذريات..وتجليات شعر وفكر